Discurso del señor Ministro de Relaciones Exteriores de Honduras pronunciado ante el XLI periodo de sesiones de la Asamblea General de Naciones Unidas New York, 8 de octubre de 1986

Salvato in:
Dettagli Bibliografici
Ente Autore: Honduras. Secretaria de Relaciones Exteriores
Natura: testo
Pubblicazione: Tegucigalpa: Secretaria de Relaciones Exzteriores de la República de Honduras
Tags: Aggiungi Tag
Nessun Tag, puoi essere il primo ad aggiungerne!!

MARC

LEADER 00000 a a2200000 04500
001 22882
003
040
090 |a 158000  
110 |a Honduras. Secretaria de Relaciones Exteriores  
245 |a Discurso del señor Ministro de Relaciones Exteriores de Honduras pronunciado ante el XLI periodo de sesiones de la Asamblea General de Naciones Unidas New York, 8 de octubre de 1986  
260 |a Tegucigalpa:   |b Secretaria de Relaciones Exzteriores de la República de Honduras  
300 |a 12 p.  
999 |c 13945  |d 13945